| 000 | 00737nam a2200229 a 4500 | ||
|---|---|---|---|
| 001 | 13696 | ||
| 003 | BD-JhCC | ||
| 005 | 20240314121241.0 | ||
| 008 | 240314b 2016b |||| ||a| 000 0 b d | ||
| 020 | _a984900781193 | ||
| 035 | _a(BD-JhCC)13696 | ||
| 040 |
_aBD-JhCC _dBD-JhCC |
||
| 041 | _aben | ||
| 082 |
_a891.443 _bBON 2016 |
||
| 100 | _a বন্দ্যোপাধ্যায়, তারাশঙ্কর | ||
| 245 |
_aঅরণ্য-বহ্নি / _bতারাশঙ্কর বন্দ্যোপাধ্যায় |
||
| 260 |
_aঢাকা: _bসুচয়নী পাবলিশার্স; _c2016. |
||
| 300 |
_a192 p. : _c22 cm. |
||
| 650 | _aBengali Novel | ||
| 942 |
_2ddc _cBK |
||
| 999 |
_c13696 _d13696 |
||